[Event "RSA-ch U10 Girls"]
[Site "Waterkloof"]
[Date "2015.04.08"]
[Round "7"]
[White "Leite, Kiara"]
[Black "Prinsloo, Thiana"]
[Result "0-1"]
[WhiteElo "634"]
[BlackElo "926"]
[PlyCount "61"]
[EventDate "2015.04.04"]
[EventType "swiss"]
[EventRounds "9"]
[EventCountry "RSA"]
[SourceTitle "CBM 166 Extra"]
[Source "ChessBase"]
[SourceDate "2015.06.18"]
[SourceVersion "1"]
[SourceVersionDate "2015.06.18"]
[SourceQuality "1"]

1. e4 c5 2. Nc3 Nc6 3. Nf3 g6 4. g3 Bg7 5. Bg2 e6 6. d3 Nge7 7. 0-0 0-0 8. Bd2 d5 9. Re1 d4 10. Nb1 Qb6 11. b3 e5 12. Bg5 Qc7 13. Na3 f6 14. Bd2 Bg4 15. Nb5 Qd7 16. Qe2 a6 17. Na3 b5 18. Nb1 b4 19. a3 Qc7 20. axb4 cxb4 21. Ra4 Rfb8 22. Rd1 a5 23. h3 Bxf3 24. Qxf3 Qd7 25. Be1 Nd8 26. Nd2 Rc8 27. Nc4 Qc6 28. Kh2 f5 29. Rxa5 Rxa5 30. Nxa5 Qxc2 31. Bxb4 0-1